Statistics for Bayer 04 Leverkusen Squad 23/24

Click here to take the quiz!

General Stats

  • This quiz has been taken 92 times
    (83 since last reset)
  • The average score is 17 of 27

Answer Stats

Kit No.Player% Correct
10Florian Wirtz🇩🇪
97%
20Alejandro Grimaldo🇪🇸
89%
30Jeremie Frimpong🇳🇱
89%
22Victor Boniface🇳🇬
89%
34Granit Xhaka🇨🇭
88%
14Patrik Schick🇨🇿
88%
4Jonathan Tah🇩🇪
85%
12Edmond Tapsoba🇧🇫
80%
3Piero Hincapié🇪🇨
80%
25Exequiel Palacios🇦🇷
79%
1 (C)Lukáš Hrádecký🇫🇮
77%
7Jonas Hofmann🇩🇪
73%
2Josip Stanišić🇭🇷
68%
6Odilon Kossounou🇨🇮
68%
8Robert Andrich🇩🇪
68%
21Amine Adli🇲🇦
67%
9Borja Iglesias🇪🇸
62%
19Nathan Tella🇳🇬
62%
23Adam Hložek🇨🇿
50%
17Matěj Kovář🇨🇿
45%
13Arthur🇧🇷
41%
32Gustavo Puerta🇨🇴
26%
18Noah Mbamba🇧🇪
23%
36Niklas Lomb🇩🇪
21%
24Timothy Fosu-Mensah🇳🇱
20%
47Ayman Aourir🇲🇦
11%
31Madi Monamay🇧🇪
9%

Score Distribution

Percentile by Number Answered

Percent of People with Each Score

Your Score History

You have not taken this quiz since the last reset